Jeevithathinte pusthakam/ (Record no. 181561)

000 -LEADER
fixed length control field 00405nam a22001691a 4500
020 ## - INTERNATIONAL STANDARD BOOK NUMBER
ISBN 9788126414062
082 ## - DEWEY DECIMAL CLASSIFICATION NUMBER
Classification number M3
Item number RAM/J
100 ## - MAIN ENTRY--AUTHOR NAME
Personal name Ramanunni K P
245 ## - TITLE STATEMENT
Title Jeevithathinte pusthakam/
Statement of responsibility, etc by Ramanunni K P
250 ## - EDITION STATEMENT
Edition statement 10
260 ## - PUBLICATION, DISTRIBUTION, ETC. (IMPRINT)
Place of publication Kottayam:
Name of publisher D C Books,
Year of publication 2021.
300 ## - PHYSICAL DESCRIPTION
Number of Pages 501p.
650 ## - SUBJECT ADDED ENTRY--TOPICAL TERM
Topical Term Novel Malayalam
650 ## - SUBJECT ADDED ENTRY--TOPICAL TERM
Topical Term Literature Malayalam
650 ## - SUBJECT ADDED ENTRY--TOPICAL TERM
Topical Term Literature
942 ## - ADDED ENTRY ELEMENTS (KOHA)
Koha item type Book
Holdings
Withdrawn status Lost status Damaged status Not for loan Permanent Location Current Location Shelving location Date acquired Cost, normal purchase price Full call number Accession Number Price effective from Koha item type
        Sree Sankaracharya University of Sanskrit Sree Sankaracharya University of Sanskrit Stacks 16.05.2026 530.00 M3 RAM/J 108567 16.05.2026 Book